Ravīntiranāta Tākūrin̲ kavitai, cir̲ukatai, nāṭakam. (Record no. 60991)

MARC details
000 -LEADER
fixed length control field 00577cam a22002171 4500
001 - CONTROL NUMBER
control field sa 64008717
003 - CONTROL NUMBER IDENTIFIER
control field DLC
005 - DATE AND TIME OF LATEST TRANSACTION
control field 20260227112056.0
008 - FIXED-LENGTH DATA ELEMENTS--GENERAL INFORMATION
fixed length control field 900125s1962 ii 000 0 tamo
010 ## - LIBRARY OF CONGRESS CONTROL NUMBER
LC control number sa 64008717
035 ## - SYSTEM CONTROL NUMBER
System control number (OCoLC)20956714
040 ## - CATALOGING SOURCE
Original cataloging agency DLC
Transcribing agency WaU
Modifying agency DLC
042 ## - AUTHENTICATION CODE
Authentication code premarc
050 00 - LIBRARY OF CONGRESS CALL NUMBER
Classification number PK1718.T24
Item number Z5673
100 1# - MAIN ENTRY--PERSONAL NAME
Personal name Chettiar, V. R. M.,
Dates associated with a name 1900-
245 10 - TITLE STATEMENT
Title Ravīntiranāta Tākūrin̲ kavitai, cir̲ukatai, nāṭakam.
260 ## - PUBLICATION, DISTRIBUTION, ETC.
Date of publication, distribution, etc. [1962]
300 ## - PHYSICAL DESCRIPTION
Extent 79 p.
Dimensions 19 cm.
500 ## - GENERAL NOTE
General note In Tamil.
600 10 - SUBJECT ADDED ENTRY--PERSONAL NAME
Personal name Tagore, Rabindranath,
Dates associated with a name 1861-1941.

No items available.

Powered by Koha